01329nam a2200277 i 4500003000900000005001700009008004100026020001500067040004300082082002100125111011800146245025800264264003900522300005700561336002600618337002800644338002700672650002400699650003900723655001700762700004900779700002900828942001200857999001700869952016500886EG-ScBUE20230807105833.0091117s1984 ne ac f 000 0 eng d a0444875727 aEG-ScBUEbengerdacEG-ScBUEdEG-ScBUE04222a919.904bINT 99391aUnited Nations Conference on the Exploration and Peaceful Uses of Outer Space c Vienna, Austria)d 1982 : 00aInternational space programmes and policies :bproceedings of the second United Nations conference on the exploration and peaceful uses of outer space (UNISPACE), Vienna, Austria, August 1982 /cUnited Nations ; editors, N. Jasentuliyana, Ralph Chipman. 1aAmsterdam :bNorth-Holland,c1984. axix, 551 pages : billustrations, portraits ;c23 cm 2rdacontentatextbtxt 2rdamediaaunmediatedbn 2rdacarrieravolumebnc 7aOuter space.2BUEsh 7aExploration of outer space.2BUEsh vReading book1 aJasentuliyana, Nandasiri,‏d1938-eeditor.1 aChipman, Ralph,eeditor. 2ddccBB c12922d12922 00102ddc40708Donation-GaMAINbMAINc2NDd2009-11-17eDonationl0o919.904 INTp000021630r2025-07-15 00:00:00w2009-11-17yBBzDonated by: Alaa Abdel Ghany